Trabajo no formal en condiciones de crisis: el caso de Honduras /
محفوظ في:
| المؤلف الرئيسي: | |
|---|---|
| مؤلف مشترك: | |
| مؤلفون آخرون: | |
| التنسيق: | نص |
| منشور في: |
Tegucigalpa:
Universidad Nacional Autónoma de Honduras
|
| الوسوم: |
إضافة وسم
لا توجد وسوم, كن أول من يضع وسما على هذه التسجيلة!
|
MARC
| LEADER | 00000 a a2200000 04500 | ||
|---|---|---|---|
| 001 | 21231 | ||
| 003 | |||
| 040 | |||
| 090 | |a 092600 | ||
| 100 | |a Palma Rodríguez, Diego | ||
| 110 | |a Universidad Nacional Autónoma de Honduras. Maestría Latinoamericana de Trabajo Social | ||
| 245 | |a Trabajo no formal en condiciones de crisis: el caso de Honduras / |c Diego Palma Rodríguez | ||
| 260 | |a Tegucigalpa: |b Universidad Nacional Autónoma de Honduras | ||
| 300 | |a 128 p. | ||
| 700 | |a Oseguera de Ochoa, Margarita |a Molina Chocano, Guillermo | ||
| 999 | |c 13120 |d 13120 | ||
